[Event "Titled Tuesday intern op 14th Nov Early"]
[Site "Chess.com INT"]
[Date "2023.11.14"]
[Round "5"]
[White "Coca, Cristi Iulian"]
[Black "Martinkus, Rolandas"]
[Result "1/2-1/2"]
[WhiteElo "2271"]
[BlackElo "2013"]
[PlyCount "171"]
[EventDate "2023.11.14"]
[EventType "swiss (blitz)"]
[EventRounds "11"]
[EventCountry "USA"]
[SourceTitle "CBM 217 Extra"]
[Source "ChessBase"]
[SourceDate "2024.01.31"]
[SourceVersion "1"]
[SourceVersionDate "2024.01.31"]
[SourceQuality "1"]

1. e4 c5 2. c3 d5 3. exd5 Qxd5 4. Nf3 Nc6 5. d4 Bg4 6. dxc5 Qxd1+ 7. Kxd1 e5 8. b4 e4 9. h3 Bxf3+ 10. gxf3 exf3 11. Bb5 0-0-0+ 12. Kc2 Ne5 13. Bf4 Ng6 14. Be3 Nf6 15. Nd2 Ne5 16. c6 bxc6 17. Ba6+ Kb8 18. Bf4 Bd6 19. Rhe1 Rhe8 20. Bxe5 Bxe5 21. Nxf3 Bc7 22. Nd4 Rd6 23. Rxe8+ Nxe8 24. Bc4 Bb6 25. Re1 Nf6 26. Nf5 Rd7 27. Nxg7 Bxf2 28. Rf1 Bh4 29. Nf5 Bg5 30. h4 Bd2 31. Nd4 Ne4 32. Nxc6+ Kc7 33. Ne5 Re7 34. Rxf7 Rxf7 35. Nxf7 Be1 36. h5 Nxc3 37. Bd3 Nxa2 38. Bxh7 Nxb4+ 39. Kb3 Nd5 40. Bd3 Nf6 41. h6 Kd7 42. h7 Nxh7 43. Bxh7 a5 44. Bd3 Kc6 45. Ne5+ Kd5 46. Nc4 Kd4 47. Bf1 Bb4 48. Ka4 Bc3 49. Nb6 Ke3 50. Bb5 Kd4 51. Nc4 Kc5 52. Ne3 Bb4 53. Nc2 Bc3 54. Be8 Bd2 55. Bg6 Bc3 56. Ne3 Bd2 57. Nd1 Bb4 58. Nb2 Bc3 59. Nd3+ Kb6 60. Nc1 Bb4 61. Ne2 Bd2 62. Nd4 Bb4 63. Ne6 Bd2 64. Nf4 Bb4 65. Nd5+ Kc5 66. Ne3 Bd2 67. Nd1 Bb4 68. Nf2 Bd2 69. Ne4+ Kd4 70. Nxd2 Kc3 71. Ne4+ Kd4 72. Kxa5 Ke5 73. Nc3 Kf4 74. Kb5 Ke5 75. Kc5 Kf4 76. Bd3 Ke5 77. Nd5 Ke6 78. Kd4 Kd6 79. Bc4 Ke6 80. Ke4 Kd6 81. Ne3 Kc5 82. Kd3 Kb4 83. Kd4 Ka3 84. Kc3 Ka4 85. Nd5 Ka5 86. Kb3 1/2-1/2

[Event "Titled Tuesday intern op 14th Nov Early"]
[Site "Chess.com INT"]
[Date "2023.11.14"]
[Round "7"]
[White "Lebedev, Artem S"]
[Black "Coca, Cristi Iulian"]
[Result "0-1"]
[WhiteElo "2033"]
[BlackElo "2271"]
[PlyCount "102"]
[EventDate "2023.11.14"]
[EventType "swiss (blitz)"]
[EventRounds "11"]
[EventCountry "USA"]
[SourceTitle "CBM 217 Extra"]
[Source "ChessBase"]
[SourceDate "2024.01.31"]
[SourceVersion "1"]
[SourceVersionDate "2024.01.31"]
[SourceQuality "1"]

1. e4 c5 2. Nf3 e6 3. d4 cxd4 4. Nxd4 a6 5. Nc3 b5 6. Bd3 Bb7 7. 0-0 Qc7 8. Qe2 Nc6 9. Nxc6 Qxc6 10. Bd2 Nf6 11. Rfe1 Bc5 12. a4 b4 13. Na2 a5 14. c3 Qb6 15. Be3 0-0 16. Bxc5 Qxc5 17. Qe3 Qxe3 18. Rxe3 bxc3 19. Nxc3 d5 20. exd5 Nxd5 21. Nxd5 Bxd5 22. Bb5 Rfc8 23. Rc3 Rxc3 24. bxc3 Rc8 25. Rc1 Bc4 26. f3 Rc5 27. Rb1 Kf8 28. Kf2 Ke7 29. Ke1 Kd6 30. Rd1+ Ke5 31. Rb1 g5 32. Bxc4 Rxc4 33. Rb5+ Kf4 34. Rxa5 Rxc3 35. Ra7 f5 36. a5 Ra3 37. a6 Ke3 38. Kd1 Ra1+ 39. Kc2 Ra2+ 40. Kb3 Ra1 41. Ra8 Kf2 42. a7 Kxg2 43. Kb4 Kxf3 44. Kb5 e5 45. Kb6 f4 46. Re8 e4 47. Kb7 e3 48. a8Q Rxa8 49. Kxa8 Kf2 50. Kb7 e2 51. Kc6 e1Q 0-1

[Event "Titled Tuesday intern op 14th Nov Early"]
[Site "Chess.com INT"]
[Date "2023.11.14"]
[Round "9"]
[White "Timerkhanov, Alexander"]
[Black "Coca, Cristi Iulian"]
[Result "1-0"]
[WhiteElo "2308"]
[BlackElo "2271"]
[PlyCount "55"]
[EventDate "2023.11.14"]
[EventType "swiss (blitz)"]
[EventRounds "11"]
[EventCountry "USA"]
[SourceTitle "CBM 217 Extra"]
[Source "ChessBase"]
[SourceDate "2024.01.31"]
[SourceVersion "1"]
[SourceVersionDate "2024.01.31"]
[SourceQuality "1"]

1. d4 Nf6 2. Bg5 g6 3. Bxf6 exf6 4. e3 d5 5. g3 h5 6. h4 Bg4 7. Be2 Qd7 8. Nd2 Nc6 9. c3 Bd6 10. Qb3 0-0-0 11. Qxd5 g5 12. hxg5 fxg5 13. Qxg5 f5 14. Bxg4 hxg4 15. Rxh8 Rxh8 16. 0-0-0 Be7 17. Qg7 Rh2 18. Rf1 Qd5 19. Ne2 Qxa2 20. Nf4 Qa1+ 21. Nb1 Qa6 22. Nd2 Qa1+ 23. Kc2 Qa4+ 24. Kb1 Qb5 25. d5 Ba3 26. c4 Qb4 27. dxc6 Qxd2 28. Qg8+ 1-0

[Event "Titled Tuesday intern op 07th Nov Early"]
[Site "Chess.com INT"]
[Date "2023.11.07"]
[Round "3"]
[White "Coca, Cristi Iulian"]
[Black "Arabidze, Meri"]
[Result "0-1"]
[WhiteElo "2271"]
[BlackElo "2458"]
[PlyCount "52"]
[EventDate "2023.11.07"]
[EventType "swiss (blitz)"]
[EventRounds "11"]
[EventCountry "USA"]
[SourceTitle "EXT 2025"]
[Source "ChessBase"]
[SourceDate "2024.10.14"]
[SourceVersion "1"]
[SourceVersionDate "2024.10.14"]
[SourceQuality "1"]

1. e4 c5 2. c3 e6 3. d4 d5 4. exd5 exd5 5. Nf3 Nc6 6. Bd3 Bd6 7. 0-0 Nge7 8. dxc5 Bxc5 9. Nbd2 0-0 10. Nb3 Bb6 11. h3 Ng6 12. Bc2 a6 13. Nbd4 Bd7 14. Be3 Bc7 15. Qd3 Qf6 16. Rad1 Rfe8 17. Rfe1 h6 18. Nf5 Nce5 19. Nxe5 Qxe5 20. Ng3 Bb5 21. Qxd5 Qxd5 22. Rxd5 Bc6 23. Rdd1 Nh4 24. Nf5 Nxg2 25. Nd6 Nxe1 26. Nxe8 Nf3+ 0-1

[Event "Titled Tuesday intern op 07th Nov Early"]
[Site "Chess.com INT"]
[Date "2023.11.07"]
[Round "2"]
[White "Coca, Cristi Iulian"]
[Black "Dragun, Kamil"]
[Result "1-0"]
[WhiteElo "2271"]
[BlackElo "2553"]
[PlyCount "67"]
[EventDate "2023.11.07"]
[EventType "swiss (blitz)"]
[EventRounds "11"]
[EventCountry "USA"]
[SourceTitle "EXT 2025"]
[Source "ChessBase"]
[SourceDate "2024.10.14"]
[SourceVersion "1"]
[SourceVersionDate "2024.10.14"]
[SourceQuality "1"]

1. e4 e5 2. Nf3 Nc6 3. Bc4 Nf6 4. d3 Bc5 5. c3 d6 6. 0-0 a6 7. Bb3 Ba7 8. h3 0-0 9. Re1 Be6 10. Bc2 Re8 11. Nbd2 h6 12. Nf1 d5 13. exd5 Bxd5 14. Ng3 Qd7 15. Nh4 Rad8 16. Nhf5 Ne7 17. Rxe5 Nxf5 18. Rxf5 Qe6 19. Bd2 g6 20. Rf4 Bc6 21. d4 Kg7 22. Rh4 g5 23. Nh5+ Nxh5 24. Rxh5 Qe2 25. h4 f6 26. hxg5 fxg5 27. Be3 Qxd1+ 28. Rxd1 Bd5 29. b3 c5 30. dxc5 Bf7 31. Rxd8 Rxd8 32. Rh3 Bg6 33. Bd4+ Kf7 34. Rf3+ 1-0

[Event "Titled Tuesday intern op 07th Nov Early"]
[Site "Chess.com INT"]
[Date "2023.11.07"]
[Round "6"]
[White "Coca, Cristi Iulian"]
[Black "Mendez Fortes, Eduardo Jesus"]
[Result "0-1"]
[WhiteElo "2271"]
[BlackElo "2231"]
[PlyCount "98"]
[EventDate "2023.11.07"]
[EventType "swiss (blitz)"]
[EventRounds "11"]
[EventCountry "USA"]
[SourceTitle "EXT 2025"]
[Source "ChessBase"]
[SourceDate "2024.10.14"]
[SourceVersion "1"]
[SourceVersionDate "2024.10.14"]
[SourceQuality "1"]

1. e4 c5 2. c3 Nf6 3. e5 Nd5 4. Nf3 Nc6 5. Bc4 Nb6 6. Bb3 d5 7. exd6 Qxd6 8. 0-0 Be6 9. Bxe6 Qxe6 10. d4 cxd4 11. Nxd4 Nxd4 12. Qxd4 Qd7 13. Qe4 e6 14. Be3 Qd5 15. Qg4 Nc4 16. Rd1 Qc6 17. Bd4 Nxb2 18. Re1 Nc4 19. a4 h5 20. Qg3 h4 21. Qg4 h3 22. Re4 hxg2 23. Bxg7 Nd6 24. Bxh8 Qxe4 25. Qxg2 Qxg2+ 26. Kxg2 Nf5 27. Nd2 Rc8 28. Rb1 b6 29. Ne4 Be7 30. Be5 Kd7 31. Rd1+ Kc6 32. h3 Rg8+ 33. Kf3 Rg6 34. Ke2 Rh6 35. Ng3 Nxg3+ 36. Bxg3 Rxh3 37. Rd4 Rh5 38. Rc4+ Rc5 39. Rf4 f5 40. c4 Ra5 41. Rd4 Rxa4 42. Bb8 Ra2+ 43. Kf3 a5 44. Rd1 a4 45. Rh1 Ra3+ 46. Kf4 Rd3 47. Rh6 Bd6+ 48. Kg5 Bxb8 49. Rxe6+ Bd6 0-1

[Event "Titled Tuesday intern op 07th Nov Early"]
[Site "Chess.com INT"]
[Date "2023.11.07"]
[Round "7"]
[White "Mazzilli, Piero"]
[Black "Coca, Cristi Iulian"]
[Result "0-1"]
[WhiteElo "2311"]
[BlackElo "2271"]
[PlyCount "82"]
[EventDate "2023.11.07"]
[EventType "swiss (blitz)"]
[EventRounds "11"]
[EventCountry "USA"]
[SourceTitle "EXT 2025"]
[Source "ChessBase"]
[SourceDate "2024.10.14"]
[SourceVersion "1"]
[SourceVersionDate "2024.10.14"]
[SourceQuality "1"]

1. e4 c5 2. Nf3 e6 3. c3 d5 4. exd5 exd5 5. d4 Nc6 6. Bb5 Nf6 7. 0-0 Bd6 8. dxc5 Bxc5 9. Re1+ Be6 10. Nd4 0-0 11. Be3 Qb6 12. a4 Nxd4 13. Bxd4 Bxd4 14. Qxd4 Qxd4 15. cxd4 Rac8 16. Nc3 Bf5 17. f3 a6 18. Bf1 Rfe8 19. Kf2 Bc2 20. Re5 Bb3 21. Rae1 Kf8 22. a5 Nd7 23. Rxe8+ Rxe8 24. g3 Nb8 25. Bh3 Nc6 26. Rxe8+ Kxe8 27. Bc8 Nxa5 28. f4 Kd8 29. Bf5 g6 30. Bg4 Kc7 31. Bf3 Kd6 32. Ke2 b5 33. Kd2 b4 34. Ne2 Nc4+ 35. Kc1 a5 36. Ng1 a4 37. Be2 a3 38. bxa3 bxa3 39. Bxc4 dxc4 40. Nf3 c3 41. Ne5 a2 0-1

[Event "Titled Tuesday intern op 07th Nov Late"]
[Site "Chess.com INT"]
[Date "2023.11.07"]
[Round "9"]
[White "Vazquez, Facundo"]
[Black "Coca, Cristi Iulian"]
[Result "0-1"]
[WhiteElo "2407"]
[BlackElo "2271"]
[PlyCount "100"]
[EventDate "2023.11.07"]
[EventType "swiss (blitz)"]
[EventRounds "11"]
[EventCountry "USA"]
[SourceTitle "EXT 2025"]
[Source "ChessBase"]
[SourceDate "2024.10.14"]
[SourceVersion "1"]
[SourceVersionDate "2024.10.14"]
[SourceQuality "1"]

1. d4 Nf6 2. Nc3 g6 3. e4 d6 4. Nf3 Bg7 5. Rg1 0-0 6. Bc4 c5 7. dxc5 dxc5 8. Qxd8 Rxd8 9. Be3 Nc6 10. Bxc5 b6 11. Ba3 Bg4 12. Bb5 Rac8 13. Bxc6 Rxc6 14. Ne5 Re6 15. Nxg4 Nxg4 16. f3 Ne3 17. Rc1 Bxc3+ 18. bxc3 Nc4 19. Bb4 a5 20. Bxe7 Rxe7 21. Rd1 Red7 22. Rxd7 Rxd7 23. Rf1 Rd2 24. Rf2 Rxf2 25. Kxf2 b5 26. Ke2 Kf8 27. Kd3 Ke7 28. Kd4 Kd6 29. a4 Kc6 30. f4 Nb2 31. axb5+ Kxb5 32. g4 Nc4 33. e5 a4 34. f5 a3 35. e6 fxe6 36. f6 Nd6 37. c4+ Kc6 38. c5 Nf7 39. Kc3 Kxc5 40. Kb3 e5 41. Kxa3 Kc4 42. Kb2 g5 43. Kc1 Kd5 44. Kd2 Ke6 45. Ke3 Kxf6 46. c4 Ke6 47. Kd3 Nh6 48. h3 Ng8 49. c5 Nf6 50. c6 Kd6 0-1

[Event "Titled Tuesday intern op 17th Oct Late"]
[Site "Chess.com INT"]
[Date "2023.10.17"]
[Round "8"]
[White "Coca, Cristi Iulian"]
[Black "Chan, Luis"]
[Result "0-1"]
[WhiteElo "2248"]
[BlackElo "2147"]
[PlyCount "76"]
[EventDate "2023.10.17"]
[EventType "swiss (blitz)"]
[EventRounds "11"]
[EventCountry "USA"]
[SourceTitle "EXT 2025"]
[Source "ChessBase"]
[SourceDate "2024.10.14"]
[SourceVersion "1"]
[SourceVersionDate "2024.10.14"]
[SourceQuality "1"]

1. e4 c5 2. c3 g6 3. d4 cxd4 4. cxd4 Bg7 5. Nf3 d5 6. e5 a6 7. h3 Nc6 8. Nc3 f6 9. Bf4 fxe5 10. Nxe5 Nxe5 11. dxe5 d4 12. Qa4+ b5 13. Bxb5+ axb5 14. Qxa8 dxc3 15. Rd1 Qc7 16. e6 Qc4 17. b3 Qxe6+ 18. Be3 Nf6 19. 0-0 0-0 20. Rfe1 Qf7 21. Qc6 b4 22. Bc5 c2 23. Rc1 Bd7 24. Qf3 Bf5 25. g4 Rc8 26. Bxe7 Be4 27. Rxe4 Nxe4 28. Qxe4 Re8 29. Qxb4 Qd5 30. Bg5 Qd1+ 31. Kg2 Qd5+ 32. Kg1 Qd1+ 33. Kg2 Qd5+ 34. f3 Qxg5 35. Rxc2 h6 36. Qc4+ Kh7 37. Re2 Rd8 38. a4 h5 0-1